An introduction to computational fluid dynamics. The finite volume method.
Gespeichert in:
| Hauptverfasser: | , |
|---|---|
| Format: | Unbekannt |
| Veröffentlicht: |
Harlow, England:
Pearson Education Limited:
2007.
|
| Ausgabe: | Second edition. |
| Schlagworte: | |
| Tags: |
Tag hinzufügen
Keine Tags, Fügen Sie den ersten Tag hinzu!
|
MARC
| LEADER | 00000 a2200000 4500 | ||
|---|---|---|---|
| 003 | CL-VaPUC | ||
| 005 | 20231004125400.0 | ||
| 008 | 231002t2007 ||||| |||| 00| 0 eng d | ||
| 999 | |c 441618 |d 441616 | ||
| 020 | |a 9780131274983 | ||
| 040 | |c Pontificia Universidad Católica de Valparaíso | ||
| 082 | 7 | |a 532 VER 2007 |2 22 | |
| 100 | |a Versteeg, H. |9 884273 |e author | ||
| 245 | 1 | 3 | |a An introduction to computational fluid dynamics. |b The finite volume method. |
| 250 | |a Second edition. | ||
| 260 | |a Harlow, England: |b Pearson Education Limited: |c 2007. | ||
| 300 | |a 503 páginas. | ||
| 583 | |k GC |c 20231002 | ||
| 650 | |a Dinámica de fluidos |9 260582 | ||
| 700 | |a Malalasekera, W. |e author |9 884814 | ||
| 942 | |2 ddc |c BK | ||
| 952 | |0 0 |1 0 |2 ddc |4 0 |6 532_000000000000000_VER_2007 |7 0 |8 A |9 591790 |a BIBMEC |b BIBMEC |c GEN |d 2023-10-02 |e 3 |g 99266.00 |i 5658903 |l 1 |o 532 VER 2007 |p 5658903 |r 2024-01-19 |s 2023-10-17 |t 2 |v 99266.00 |w 2023-10-02 |y BK |k MEC | ||
| 952 | |0 0 |1 0 |2 ddc |4 0 |6 532_000000000000000_VER_2007 |7 0 |8 A |9 591791 |a BIBMEC |b BIBMEC |c GEN |d 2023-10-02 |e 3 |g 99266.00 |i 5658902 |o 532 VER 2007 |p 5658902 |r 2024-01-19 |t 1 |v 99266.00 |w 2023-10-02 |y BK |k MEC | ||